Online
Catalog

Canto y tiempo sin retorno / (Record no. 5728)

MARC details
000 -CABECERA
campo de control de longitud fija 00869cam a2200253 a 4500
001 - NÚMERO DE CONTROL
campo de control 000005932
005 - FECHA Y HORA DE LA ÚLTIMA TRANSACCIÓN
campo de control 20200929151839.0
008 - DATOS DE LONGITUD FIJA--INFORMACIÓN GENERAL
campo de control de longitud fija 910228s1983 sp 001 0 spa
020 ## - NÚMERO INTERNACIONAL ESTÁNDAR DEL LIBRO
Número Internacional Estándar del Libro 8400055098
040 ## - FUENTE DE LA CATALOGACIÓN
Centro catalogador/agencia de origen DO-SdBNP
Lengua de catalogación spa
Centro/agencia modificador BNPHU
082 ## - NÚMERO DE LA CLASIFICACIÓN DECIMAL DEWEY
Número de clasificación 861.64
Número de documento/Ítem R579c
100 1# - ENTRADA PRINCIPAL--NOMBRE DE PERSONA
Nombre de persona Rincón, Vicente,
Fechas asociadas al nombre 1930-
9 (RLIN) 16719
245 10 - MENCIÓN DE TÍTULO
Título Canto y tiempo sin retorno /
Mención de responsabilidad, etc. Vicente Rincón.
260 ## - PUBLICACIÓN, DISTRIBUCIÓN, ETC.
Lugar de publicación, distribución, etc. Zaragoza, España :
Nombre del editor, distribuidor, etc. Institución Fernando el Católico,
Fecha de publicación, distribución, etc. 1983.
300 ## - DESCRIPCIÓN FÍSICA
Extensión 48 p. ;
Dimensiones 25 cm.
490 1# - MENCIÓN DE SERIE
Mención de serie San Jorge
Designación de volumen o secuencia 40
490 1# - MENCIÓN DE SERIE
Mención de serie Institución Fernando el Católico
Designación de volumen o secuencia 1
490 1# - MENCIÓN DE SERIE
Mención de serie Delegación de la Institucion de Barcelona
650 #4 - PUNTO DE ACCESO ADICIONAL DE MATERIA--TÉRMINO DE MATERIA
Término de materia o nombre geográfico como elemento de entrada Poesía española
9 (RLIN) 631
650 #4 - PUNTO DE ACCESO ADICIONAL DE MATERIA--TÉRMINO DE MATERIA
Término de materia o nombre geográfico como elemento de entrada Literatura española
9 (RLIN) 632
830 #0 - PUNTO DE ACCESO ADICIONAL DE SERIE-TÍTULO UNIFORME
Título uniforme San Jorge ;
Designación de volumen o secuencia 40
9 (RLIN) 14367
830 #0 - PUNTO DE ACCESO ADICIONAL DE SERIE-TÍTULO UNIFORME
Título uniforme Institución Fernando el Católico ;
Designación de volumen o secuencia 1
9 (RLIN) 16722
830 #0 - PUNTO DE ACCESO ADICIONAL DE SERIE-TÍTULO UNIFORME
Título uniforme Delegación de la Institución de Barcelona ;
9 (RLIN) 16723
Holdings
Estado de retiro Estado de pérdida Restricciones de uso No para préstamo Código de colección Localización permanente Ubicación/localización actual Ubicación en estantería Fecha de adquisición Número de inventario Total de préstamos Signatura topográfica completa Código de barras Fecha visto por última vez Precio válido a partir de Tipo de ítem Koha Número de copia
      Excluido de préstamo Monografías: Libros y Folletos General General Depósito 24.08.2009 LF1   861.64 R579c 5932-10 25.06.2020 25.06.2020 No se presta  
  Extraviado   Excluido de préstamo Monografías: Libros y Folletos General General Extraviado 26.05.2017 LF1   861.64 R579c 5932-20 25.06.2020 25.06.2020 No se presta e. 2

Powered by Koha